[Event "harpa"]
[Site "?"]
[Date "2013.02.23"]
[Round "6.13"]
[White "Cherednichenko, Svetlana"]
[Black "Huang, Qian"]
[Result "0-1"]
[LiveChessVersion "1.4"]
[BlackElo "2478"]
[WhiteElo "2307"]

1. d4 {[%clk 1:28:35]} d6 {[%clk 1:30:48]} 2. Nf3 {[%clk 1:28:30]} Bg4
{[%clk 1:30:43]} 3. e4 {[%clk 1:28:39]} Nf6 {[%clk 1:31:04]} 4. Nbd2
{[%clk 1:29:01]} c6 {[%clk 1:30:21]} 5. h3 {[%clk 1:28:59]} Bxf3 {[%clk 1:30:38]}
6. Qxf3 {[%clk 1:29:21]} Nbd7 {[%clk 1:30:11]} 7. c3 {[%clk 1:21:44]} g6
{[%clk 1:27:53]} 8. Bd3 {[%clk 1:12:20]} Bg7 {[%clk 1:28:08]} 9. O-O
{[%clk 1:12:35]} O-O {[%clk 1:28:32]} 10. Nb3 {[%clk 0:58:30]} e5
{[%clk 1:28:05]} 11. Bg5 {[%clk 0:53:48]} h6 {[%clk 1:26:13]} 12. Bd2
{[%clk 0:41:43]} a5 {[%clk 1:23:19]} 13. a4 {[%clk 0:40:08]} Qb6 {[%clk 1:22:56]}
14. Qd1 {[%clk 0:33:11]} d5 {[%clk 1:16:41]} 15. exd5 {[%clk 0:29:17]} Nxd5
{[%clk 1:16:53]} 16. Kh1 {[%clk 0:19:38]} Rfe8 {[%clk 1:03:48]} 17. c4
{[%clk 0:13:37]} Nb4 {[%clk 1:04:04]} 18. c5 {[%clk 0:13:37]} Qd8
{[%clk 0:54:41]} 19. Bxb4 {[%clk 0:13:28]} axb4 {[%clk 0:55:03]} 20. Bc4
{[%clk 0:13:51]} exd4 {[%clk 0:54:23]} 21. f4 {[%clk 0:14:09]} Nf6
{[%clk 0:49:13]} 22. Qd2 {[%clk 0:06:24]} Ne4 {[%clk 0:43:04]} 23. Qd3
{[%clk 0:06:27]} Qd7 {[%clk 0:40:02]} 24. Rf3 {[%clk 0:05:24]} Kh8
{[%clk 0:36:06]} 25. f5 {[%clk 0:04:40]} gxf5 {[%clk 0:32:41]} 26. Raf1
{[%clk 0:04:58]} Re5 {[%clk 0:33:03]} 27. g4 {[%clk 0:03:52]} Ng5
{[%clk 0:30:04]} 28. Rxf5 {[%clk 0:02:09]} Re3 {[%clk 0:30:26]} 29. Qd2
{[%clk 0:02:08]} Rxh3+ {[%clk 0:30:00]} 30. Kg2 {[%clk 0:02:07]} Re3
{[%clk 0:22:46]} 31. Qf2 {[%clk 0:01:35]} Qe7 {[%clk 0:21:43]} 32. Rh1
{[%clk 0:01:38]} Qe4+ {[%clk 0:21:32]} 33. Kg1 {[%clk 0:01:38]} Re1+
{[%clk 0:20:46]} 34. Bf1 {[%clk 0:01:48]} Qxg4+ {[%clk 0:20:37]} 35. Kh2
{[%clk 0:02:09]} Rae8 {[%clk 0:20:37]} 0-1

[Event "harpa"]
[Site "?"]
[Date "2013.02.23"]
[Round "6.14"]
[White "Kislik, Erik Andrew"]
[Black "Lou, Yiping"]
[Result "1/2-1/2"]
[LiveChessVersion "1.4"]
[BlackElo "2468"]
[WhiteElo "2359"]

1. d4 {[%clk 1:30:58]} Nf6 {[%clk 1:30:43]} 2. c4 {[%clk 1:31:23]} g6
{[%clk 1:31:00]} 3. f3 {[%clk 1:31:47]} c5 {[%clk 1:29:10]} 4. d5
{[%clk 1:31:56]} Bg7 {[%clk 1:29:33]} 5. e4 {[%clk 1:31:27]} d6 {[%clk 1:29:56]}
6. Ne2 {[%clk 1:26:32]} O-O {[%clk 1:29:05]} 7. Nec3 {[%clk 1:21:29]} e5
{[%clk 1:28:25]} 8. Bg5 {[%clk 1:13:33]} h6 {[%clk 1:25:41]} 9. Bh4
{[%clk 1:10:22]} Na6 {[%clk 1:22:32]} 10. Nd2 {[%clk 1:04:17]} Bd7
{[%clk 1:17:44]} 11. Be2 {[%clk 1:02:03]} Nc7 {[%clk 1:12:46]} 12. a3
{[%clk 0:49:24]} a5 {[%clk 1:07:54]} 13. a4 {[%clk 0:44:49]} Na6 {[%clk 1:05:33]}
14. Nb5 {[%clk 0:44:16]} 1/2-1/2

[Event "harpa"]
[Site "?"]
[Date "2013.02.23"]
[Round "6.15"]
[White "Mamedjarova, Turkan"]
[Black "Tan, Zhongyi"]
[Result "0-1"]
[LiveChessVersion "1.4"]
[BlackElo "2466"]
[WhiteElo "2280"]

1. e4 {[%clk 1:30:44]} d6 {[%clk 1:30:50]} 2. d4 {[%clk 1:30:51]} g6
{[%clk 1:30:26]} 3. Nf3 {[%clk 1:31:06]} Bg7 {[%clk 1:30:48]} 4. Be2
{[%clk 1:31:10]} c5 {[%clk 1:27:53]} 5. dxc5 {[%clk 1:27:55]} Qa5+
{[%clk 1:28:10]} 6. c3 {[%clk 1:28:07]} Qxc5 {[%clk 1:28:06]} 7. Be3
{[%clk 1:27:30]} Qc7 {[%clk 1:28:07]} 8. O-O {[%clk 1:20:21]} Nf6
{[%clk 1:28:23]} 9. h3 {[%clk 1:11:53]} O-O {[%clk 1:28:44]} 10. Nbd2
{[%clk 1:12:19]} Nbd7 {[%clk 1:27:57]} 11. Qc2 {[%clk 1:10:32]} b6
{[%clk 1:25:24]} 12. Rfe1 {[%clk 1:08:31]} Bb7 {[%clk 1:25:45]} 13. c4
{[%clk 1:07:18]} d5 {[%clk 1:07:59]} 14. exd5 {[%clk 1:04:32]} Nxd5
{[%clk 1:08:18]} 15. Nf1 {[%clk 1:03:38]} Nxe3 {[%clk 0:55:49]} 16. Nxe3
{[%clk 1:03:59]} Ne5 {[%clk 0:53:38]} 17. Nd4 {[%clk 0:58:49]} Rfd8
{[%clk 0:48:56]} 18. Nb5 {[%clk 0:43:39]} Qc5 {[%clk 0:48:37]} 19. Rad1
{[%clk 0:44:02]} e6 {[%clk 0:47:22]} 20. Rxd8+ {[%clk 0:43:29]} Rxd8
{[%clk 0:47:43]} 21. Rd1 {[%clk 0:43:49]} Rxd1+ {[%clk 0:47:09]} 22. Qxd1
{[%clk 0:42:51]} Bh6 {[%clk 0:36:49]} 23. Ng4 {[%clk 0:34:31]} Nxg4
{[%clk 0:36:53]} 24. hxg4 {[%clk 0:34:29]} Bf4 {[%clk 0:32:37]} 25. Nxa7
{[%clk 0:30:00]} Bg3 {[%clk 0:31:58]} 26. Qf1 {[%clk 0:26:21]} Bb8
{[%clk 0:31:10]} 27. Nb5 {[%clk 0:26:45]} Qe5 {[%clk 0:31:34]} 28. f4
{[%clk 0:25:31]} Qxb2 {[%clk 0:31:05]} 29. a4 {[%clk 0:24:52]} Qd2
{[%clk 0:29:55]} 30. g3 {[%clk 0:24:55]} g5 {[%clk 0:29:11]} 31. fxg5
{[%clk 0:22:58]} Bxg3 0-1

[Event "harpa"]
[Site "?"]
[Date "2013.02.23"]
[Round "6.16"]
[White "Ekeberg, Carl Fredrik"]
[Black "Oleksienko, Mikhailo"]
[Result "0-1"]
[LiveChessVersion "1.4"]
[BlackElo "2568"]
[WhiteElo "2274"]

1. d4 {[%clk 1:28:58]} Nf6 {[%clk 1:30:30]} 2. c4 {[%clk 1:29:16]} c6
{[%clk 1:29:45]} 3. Nf3 {[%clk 1:29:21]} d5 {[%clk 1:30:11]} 4. Qc2
{[%clk 1:29:33]} g6 {[%clk 1:29:46]} 5. Bf4 {[%clk 1:13:47]} Bg7 {[%clk 1:28:08]}
6. e3 {[%clk 1:13:08]} O-O {[%clk 1:28:10]} 7. Nc3 {[%clk 1:04:35]} c5
{[%clk 1:19:50]} 8. dxc5 {[%clk 0:52:32]} Qa5 {[%clk 1:15:52]} 9. Nd4
{[%clk 0:40:14]} dxc4 {[%clk 1:04:48]} 10. Bxc4 {[%clk 0:38:09]} Qxc5
{[%clk 1:03:59]} 11. Bd3 {[%clk 0:35:11]} Nd5 {[%clk 0:59:17]} 12. Nxd5
{[%clk 0:31:07]} Qxd5 {[%clk 0:59:33]} 13. Bxb8 {[%clk 0:24:08]} Rxb8
{[%clk 0:57:05]} 14. O-O {[%clk 0:23:26]} Bxd4 {[%clk 0:54:22]} 15. exd4
{[%clk 0:23:51]} Qxd4 {[%clk 0:54:27]} 16. Rfd1 {[%clk 0:21:11]} Qb6
{[%clk 0:53:32]} 17. Qe2 {[%clk 0:18:44]} Be6 {[%clk 0:52:52]} 18. b3
{[%clk 0:18:31]} Rbc8 {[%clk 0:52:36]} 19. Rac1 {[%clk 0:17:42]} Rxc1
{[%clk 0:52:36]} 20. Rxc1 {[%clk 0:18:08]} Qd6 {[%clk 0:50:36]} 21. h3
{[%clk 0:14:41]} Rd8 {[%clk 0:49:37]} 22. Be4 {[%clk 0:14:11]} b6
{[%clk 0:47:58]} 23. Bf3 {[%clk 0:13:37]} Qd2 {[%clk 0:46:43]} 24. Rc2
{[%clk 0:13:34]} Qxe2 {[%clk 0:46:59]} 25. Bxe2 {[%clk 0:13:48]} Bf5
{[%clk 0:46:51]} 26. Rc7 {[%clk 0:13:04]} Rd7 {[%clk 0:46:54]} 27. Rxd7
{[%clk 0:13:08]} Bxd7 {[%clk 0:47:22]} 28. f4 {[%clk 0:12:35]} Kg7
{[%clk 0:45:37]} 29. Kf2 {[%clk 0:12:08]} Kf6 {[%clk 0:45:13]} 30. h4
{[%clk 0:11:18]} h6 {[%clk 0:45:07]} 31. Ke3 {[%clk 0:08:25]} e5 {[%clk 0:41:48]}
32. g3 {[%clk 0:04:45]} Be6 {[%clk 0:35:41]} 33. Bd1 {[%clk 0:04:13]} g5
{[%clk 0:20:53]} 34. hxg5+ {[%clk 0:03:56]} hxg5 {[%clk 0:21:19]} 35. fxg5+
{[%clk 0:03:37]} Kxg5 {[%clk 0:20:14]} 36. Ke4 {[%clk 0:03:19]} Bg4
{[%clk 0:14:37]} 37. Bxg4 {[%clk 0:03:40]} Kxg4 {[%clk 0:15:04]} 38. Kxe5
{[%clk 0:04:05]} Kxg3 {[%clk 0:15:31]} 39. Kf6 {[%clk 0:04:26]} Kf4
{[%clk 0:15:51]} 40. Kxf7 {[%clk 0:34:23]} Ke5 {[%clk 0:45:41]} 41. Ke7
{[%clk 0:31:20]} Kd4 {[%clk 0:46:06]} 42. Kd6 {[%clk 0:29:44]} Kc3
{[%clk 0:46:33]} 43. Kc6 {[%clk 0:29:18]} Kb2 {[%clk 0:46:59]} 44. Kb7
{[%clk 0:25:01]} Kxa2 {[%clk 0:47:24]} 45. Kxa7 {[%clk 0:25:23]} b5
{[%clk 0:47:51]} 0-1

[Event "Reykjavik Open 2013"]
[Site "Reykjavik, Iceland"]
[Date "2013.02.23"]
[Round "6.30"]
[White "Esen, Baris"]
[Black "Andreasen, Per Naesby"]
[Result "1-0"]
[WhiteElo "2565"]
[BlackElo "2302"]
[PlyCount "81"]
[EventDate "2013.02.19"]

1. d4 g6 2. Nf3 Bg7 3. g3 d6 4. Bg2 Nc6 5. d5 Ne5 6. Nxe5 Bxe5 7. c4 Bg7 8. Nc3
Nf6 9. e4 O-O 10. O-O Bg4 11. Qb3 Qc8 12. Be3 Bh3 13. f3 Bxg2 14. Kxg2 Nd7 15.
Qc2 c6 16. b3 cxd5 17. Nxd5 Re8 18. Rac1 Qc6 19. Qd2 Nf6 20. Rfe1 a6 21. a4 Nd7
22. a5 Rac8 23. Red1 Nf6 24. Bb6 Nxd5 25. exd5 Qd7 26. Re1 e6 27. dxe6 Rxe6 28.
Rxe6 Qxe6 29. Re1 Qd7 30. Rd1 Re8 31. Qxd6 Qf5 32. Qd3 Qh5 33. Rd2 Bf8 34. h4
Bb4 35. Re2 Rxe2+ 36. Qxe2 Qf5 37. Qe8+ Bf8 38. g4 Qc2+ 39. Kg3 g5 40. Bc5
gxh4+ 41. Kh3 1-0

[Event "Reykjavik Open 2013"]
[Site "Reykjavik, Iceland"]
[Date "2013.02.23"]
[Round "6.31"]
[White "Urkedal, Frode"]
[Black "Prosviriakov, Vladimir"]
[Result "1/2-1/2"]
[WhiteElo "2473"]
[BlackElo "2297"]
[PlyCount "53"]
[EventDate "2013.02.19"]

1. d4 e6 2. c4 f5 3. g3 Nf6 4. Bg2 Bb4+ 5. Bd2 Bxd2+ 6. Qxd2 O-O 7. Nc3 d5 8.
Nf3 c6 9. O-O Nbd7 10. Qc2 Ne4 11. b4 Qe7 12. b5 Qb4 13. Nxe4 fxe4 14. Ng5 Qe7
15. f4 h6 16. Nh3 cxb5 17. cxd5 exd5 18. Qb3 Nf6 19. f5 Bd7 20. Nf4 Qd6 21. Ng6
Rfe8 22. Rf4 Kh7 23. Raf1 Rac8 24. g4 e3 25. Qd3 b4 26. Qd1 Bb5 27. h4 1/2-1/2

[Event "Reykjavik Open 2013"]
[Site "Reykjavik, Iceland"]
[Date "2013.02.23"]
[Round "6.32"]
[White "Cubas Pons, Juan Miguel"]
[Black "Hambleton, Aman"]
[Result "0-1"]
[WhiteElo "2284"]
[BlackElo "2472"]
[PlyCount "94"]
[EventDate "2013.02.19"]

1. d4 e6 2. c4 Nf6 3. Nc3 Bb4 4. Qc2 c5 5. Nf3 cxd4 6. Nxd4 Be7 7. e4 d6 8. Be2
a6 9. O-O Qc7 10. Be3 Nbd7 11. Rac1 b6 12. Rfd1 Bb7 13. f3 O-O 14. Bf1 Rac8 15.
Qf2 Qb8 16. Nc2 Bd8 17. Na3 Bc7 18. Qh4 Rfe8 19. Rc2 d5 20. exd5 exd5 21. Bf2
dxc4 22. Nxc4 b5 23. Ne3 Ne5 24. Qh3 Ng6 25. a3 Nf4 26. Qh4 Ng6 27. Qh3 Re5 28.
Ng4 Nf4 29. Nxf6+ gxf6 30. Qh4 Rh5 31. Qxf6 Be5 32. Qb6 Nd5 33. Rxd5 Bxh2+ 34.
Kh1 Bxd5 35. Qxb8 Bxb8+ 36. Kg1 Bh2+ 37. Kh1 Bb3 38. g4 Bxc2 39. gxh5 Be5 40.
Be1 Rc5 41. Bf2 Rc6 42. Nd5 Rh6 43. Nb4 Rxh5+ 44. Kg2 Rg5+ 45. Kh3 Bf5+ 46. Kh4
Bf6 47. Bd4 Rg4+ 0-1

[Event "Reykjavik Open 2013"]
[Site "Reykjavik, Iceland"]
[Date "2013.02.23"]
[Round "6.33"]
[White "Bird, Andrew"]
[Black "Schreiner, Peter"]
[Result "0-1"]
[WhiteElo "2223"]
[BlackElo "2439"]
[PlyCount "114"]
[EventDate "2013.02.19"]

1. d4 e6 2. c4 b6 3. a3 Bb7 4. Nc3 d5 5. cxd5 exd5 6. Nf3 Nf6 7. Bg5 Be7 8. e3
O-O 9. Rc1 Nbd7 10. Bd3 c5 11. O-O c4 12. Bb1 a6 13. Ne5 b5 14. f4 Ne4 15. Bxe7
Qxe7 16. Bxe4 dxe4 17. Nxd7 Qxd7 18. f5 f6 19. Rf4 Rfe8 20. Qg4 Qe7 21. Qh3 h6
22. Rcf1 b4 23. axb4 Qxb4 24. Rg4 Kf8 25. Qg3 Re7 26. Qf2 a5 27. Ra1 a4 28. Ra3
Ra5 29. Rf4 Bc6 30. Qc2 Kg8 31. h3 Kh7 32. Rf2 Qb8 33. Qd2 Qa8 34. Qe2 Qa6 35.
Qd1 Rb7 36. Kh1 Rb3 37. d5 Bd7 38. Qd4 Qd6 39. Ra1 a3 40. bxa3 Raxa3 41. Rxa3
Qxa3 42. Nxe4 Rxe3 43. Kh2 Re1 44. Nc5 Qa7 45. Rf4 Re5 46. Qxc4 Bxf5 47. Ne4
Qb8 48. Ng3 Bg6 49. Rf2 Qd6 50. Rd2 Re3 51. Qh4 Be4 52. Rf2 g5 53. Qg4 f5 54.
Rxf5 Qxg3+ 55. Qxg3 Rxg3 56. Re5 Rxg2+ 57. Kh1 Re2+ 0-1

[Event "Reykjavik Open 2013"]
[Site "Reykjavik, Iceland"]
[Date "2013.02.23"]
[Round "6.34"]
[White "Bartholomew, John"]
[Black "Tari, Aryan"]
[Result "1-0"]
[WhiteElo "2435"]
[BlackElo "2263"]
[PlyCount "120"]
[EventDate "2013.02.19"]

1. Nf3 Nf6 2. c4 e6 3. Nc3 Bb4 4. g4 O-O 5. g5 Ne8 6. Qc2 d5 7. e3 b6 8. Bd3 g6
9. b3 Bb7 10. cxd5 exd5 11. Bb2 Nd7 12. a3 Be7 13. O-O-O d4 14. Nxd4 c5 15. Nf5
Bxg5 16. Be4 Rb8 17. Bxb7 Rxb7 18. Ne4 Bf6 19. Nxf6+ Ndxf6 20. Rhg1 h5 21. h3
Kh7 22. Rg5 Rg8 23. Rdg1 Nd6 24. Nh4 Nfe4 25. f4 Nxg5 26. Rxg5 Kh6 27. e4 Qd7
28. Qd3 c4 29. Qe3 cxb3 30. f5 Qc6+ 31. Bc3 Kh7 32. Qf3 Kh6 33. Qf4 Kh7 34.
fxg6+ fxg6 35. Rd5 b2+ 36. Kb1 Nc4 37. Nf3 Re8 38. Ng5+ Kg8 39. Qf2 Nxa3+ 40.
Kxb2 Nc4+ 41. Kc1 Ne5 42. Qd4 Rd7 43. Nf3 Rxd5 44. exd5 Qc4 45. Nxe5 Qxd4 46.
Bxd4 Rd8 47. Nxg6 Kf7 48. Nf4 Rc8+ 49. Kb2 h4 50. Be5 a5 51. d6 b5 52. d4 b4
53. Nd5 Ke6 54. Nb6 Rg8 55. Kb3 Rg3+ 56. Bxg3 hxg3 57. d7 g2 58. d8=Q g1=Q 59.
Qd7+ Kf6 60. Nd5+ Kg5 1-0

[Event "Reykjavik Open 2013"]
[Site "Reykjavik, Iceland"]
[Date "2013.02.23"]
[Round "6.35"]
[White "Omarsson, Dadi"]
[Black "Kjartansson, Gudmundur"]
[Result "1/2-1/2"]
[WhiteElo "2212"]
[BlackElo "2430"]
[PlyCount "120"]
[EventDate "2013.02.19"]

1. e4 e5 2. Nf3 Nc6 3. Bc4 Nf6 4. Ng5 d5 5. exd5 Na5 6. Bb5+ c6 7. dxc6 bxc6 8.
Bd3 Nd5 9. Nf3 Bc5 10. O-O Nf4 11. Re1 Nxd3 12. cxd3 O-O 13. Rxe5 Bd6 14. Re1
Bg4 15. Nc3 c5 16. h3 Bh5 17. b3 Nc6 18. Ba3 Qa5 19. Bb2 Nd4 20. g4 Bg6 21. Ne4
Bf4 22. Nxd4 cxd4 23. Bxd4 Rad8 24. Bc3 Qb5 25. Qf3 Bb8 26. Re3 f5 27. gxf5
Rxf5 28. Qe2 Bf4 29. Ng3 Rf7 30. d4 Qb8 31. Qg4 Bxe3 32. fxe3 Qb5 33. Rf1 Rxf1+
34. Nxf1 Rf8 35. Ng3 Kh8 36. h4 Qd5 37. h5 Bd3 38. h6 gxh6 39. e4 h5 40. Qh4
Qd6 41. d5+ Kg8 42. Nf5 Rxf5 43. exf5 Bxf5 44. Kf2 Bg6 45. Qg3 Qxg3+ 46. Kxg3
Bb1 47. d6 Kf7 48. a3 Ke6 49. Bd4 a6 50. Bc5 Bc2 51. b4 h6 52. Kh4 Bg6 53. Kg3
Be8 54. Kf4 Bc6 55. Kg3 Be4 56. Kh4 Bg6 57. a4 Be8 58. b5 axb5 59. axb5 Bxb5
60. Kxh5 Kd7 1/2-1/2

[Event "Reykjavik Open 2013"]
[Site "Reykjavik, Iceland"]
[Date "2013.02.23"]
[Round "6.36"]
[White "Mikkelsen, Nikolaj"]
[Black "Schou-Moldt, Thomas"]
[Result "1/2-1/2"]
[WhiteElo "2421"]
[BlackElo "2236"]
[PlyCount "45"]
[EventDate "2013.02.19"]

1. e4 d6 2. d4 Nf6 3. Nc3 g6 4. Be3 c6 5. Qd2 b5 6. Bd3 Nbd7 7. Nf3 Nb6 8. Bh6
Bxh6 9. Qxh6 Qc7 10. e5 dxe5 11. dxe5 Nh5 12. O-O-O b4 13. Ne4 Bg4 14. Neg5
Bxf3 15. Nxf3 Nd5 16. Bc4 Nhf4 17. g3 Ne6 18. Bxd5 cxd5 19. Rxd5 Qc4 20. Ra5
Qc7 21. Ra4 Qc4 22. Ra5 Qc7 23. Rd5 1/2-1/2

[Event "Reykjavik Open 2013"]
[Site "Reykjavik, Iceland"]
[Date "2013.02.23"]
[Round "6.37"]
[White "Ornolfsson, Magnus P"]
[Black "Zumsande, Martin"]
[Result "0-1"]
[WhiteElo "2169"]
[BlackElo "2419"]
[PlyCount "116"]
[EventDate "2013.02.19"]

1. e4 e6 2. b3 d5 3. Bb2 Nf6 4. e5 Nfd7 5. f4 c5 6. Nf3 Nc6 7. Bb5 Qb6 8. Bxc6
bxc6 9. O-O Ba6 10. Re1 c4+ 11. Kh1 g6 12. Nc3 Be7 13. Na4 Qc7 14. Qe2 Nc5 15.
Nxc5 Bxc5 16. bxc4 Bxc4 17. d3 Ba6 18. Qd2 Rb8 19. Bc3 Be7 20. Rab1 O-O 21.
Rbd1 c5 22. f5 exf5 23. Qh6 Rfe8 24. e6 f6 25. Qh4 d4 26. Bd2 Rb2 27. c4 Bb7
28. Bf4 Qb6 29. Qg3 Bf8 30. e7 Rxe7 31. Rxe7 Bxe7 32. Bc1 Re2 33. Re1 Bxf3 34.
gxf3 Rxe1+ 35. Qxe1 Kf7 36. Qd2 g5 37. Kg2 Bd6 38. Qe2 Qb1 39. Ba3 h5 40. Qd2
Qb7 41. h3 Qe7 42. Qf2 Qe5 43. Kf1 Qf4 44. Ke2 g4 45. fxg4 Qxf2+ 46. Kxf2 fxg4
47. hxg4 hxg4 48. Bc1 Kg6 49. Bd2 Bc7 50. Kg2 f5 51. Bc1 f4 52. Bd2 Kf5 53. Be1
Bd8 54. Bd2 Bh4 55. Ba5 f3+ 56. Kh2 g3+ 57. Kh3 g2 58. Kh2 Bf2 0-1

[Event "Reykjavik Open 2013"]
[Site "Reykjavik, Iceland"]
[Date "2013.02.23"]
[Round "6.38"]
[White "Bergthorsson, Jon Thor"]
[Black "Guramishvili, Sopiko"]
[Result "0-1"]
[WhiteElo "2125"]
[BlackElo "2414"]
[PlyCount "100"]
[EventDate "2013.02.19"]

1. c4 Nf6 2. Nf3 e6 3. g3 a6 4. Bg2 b5 5. Nd4 c6 6. cxb5 axb5 7. Nc2 d5 8. d4
Bd6 9. Bf4 O-O 10. Bxd6 Qxd6 11. O-O c5 12. dxc5 Qxc5 13. Nd2 Bb7 14. a3 Nbd7
15. Nb4 Nb6 16. Rc1 Qd6 17. Ne4 Nxe4 18. Bxe4 Qe5 19. Bb1 Nc4 20. Nd3 Qf6 21.
Nc5 Bc6 22. Nd3 Rfc8 23. b3 Nxa3 24. Nb4 Nxb1 25. Rxc6 Rxc6 26. Nxc6 Nc3 27.
Qd3 Ra2 28. Re1 g6 29. Nd4 b4 30. Nc2 Qe7 31. Ra1 Rxa1+ 32. Nxa1 Qc5 33. Nc2 e5
34. Kg2 d4 35. e3 Qd5+ 36. f3 Qxb3 37. exd4 exd4 38. Nxd4 Qa2+ 39. Nc2 Nd5 40.
Kh3 h5 41. Nd4 Qf2 42. Nf5 g5 43. Qb5 Kh7 44. Qa6 Qb6 45. Qd3 Qe6 46. Kg2 Kh8
47. Qd4+ f6 48. Qc5 Qg8 49. Nh6 Qa8 50. Qc2 Ne3+ 0-1

[Event "Reykjavik Open 2013"]
[Site "Reykjavik, Iceland"]
[Date "2013.02.23"]
[Round "6.39"]
[White "Newrkla, Katharina"]
[Black "Diermair, Andreas"]
[Result "0-1"]
[WhiteElo "2135"]
[BlackElo "2407"]
[PlyCount "66"]
[EventDate "2013.02.19"]

1. e4 c6 2. d4 d5 3. exd5 cxd5 4. c4 Nf6 5. Nc3 Nc6 6. Bg5 Ne4 7. Be3 Nxc3 8.
bxc3 g6 9. Nf3 Bg7 10. Be2 dxc4 11. Bxc4 O-O 12. O-O Na5 13. Bb3 b6 14. Qe2 Qd6
15. Bg5 e6 16. Rfd1 Bb7 17. Rac1 Rac8 18. Be3 Qa3 19. Nd2 Qd6 20. Nf3 Rfd8 21.
c4 Qa3 22. c5 Nxb3 23. axb3 Qb4 24. cxb6 axb6 25. Ne5 Qxb3 26. Rb1 Qd5 27. Qf3
Rc7 28. Qxd5 Rxd5 29. Nf3 b5 30. Rb3 Bf8 31. Rdb1 b4 32. Bd2 Rb5 33. Kf1 Bd5
0-1

[Event "Reykjavik Open 2013"]
[Site "Reykjavik, Iceland"]
[Date "2013.02.23"]
[Round "6.40"]
[White "Mammadova, Gulnar"]
[Black "Frisk, Ellinor"]
[Result "1/2-1/2"]
[WhiteElo "2369"]
[BlackElo "2197"]
[PlyCount "93"]
[EventDate "2013.02.19"]

1. e4 c5 2. Nf3 Nc6 3. Bb5 d6 4. d4 cxd4 5. Qxd4 Nf6 6. Nc3 Nd7 7. Qc4 Nb6 8.
Qd3 g6 9. Be3 Bg7 10. Bd4 O-O 11. Bxg7 Kxg7 12. Bxc6 bxc6 13. Rd1 Bg4 14. h3
Bxf3 15. Qxf3 Nc4 16. b3 Ne5 17. Qg3 Qb6 18. O-O Rad8 19. Kh1 Nd7 20. f4 Nf6
21. Qf3 Qc5 22. Rde1 Nd7 23. Na4 Qa5 24. c4 Nc5 25. Nc3 Ne6 26. f5 Nc7 27. e5
dxe5 28. f6+ exf6 29. Qxf6+ Kg8 30. Ne4 Ne8 31. Qxc6 Qb6 32. Nf6+ Nxf6 33. Qxb6
axb6 34. Rxf6 Rd2 35. a4 Ra2 36. Rxe5 Rd8 37. Rxb6 Rdd2 38. Rg5 f5 39. Rb7 Rd1+
40. Kh2 Raa1 41. Kg3 Rd3+ 42. Kh4 Re1 43. a5 Re4+ 44. g4 Ree3 45. gxf5 Rxh3+
46. Kg4 Rhg3+ 47. Kh4 1/2-1/2

[Event "Reykjavik Open 2013"]
[Site "Reykjavik, Iceland"]
[Date "2013.02.23"]
[Round "6.41"]
[White "Christiansen, Johan-Sebastian"]
[Black "Handler, Lukas"]
[Result "1/2-1/2"]
[WhiteElo "2071"]
[BlackElo "2369"]
[PlyCount "154"]
[EventDate "2013.02.19"]

1. c4 Nf6 2. g3 e5 3. Bg2 Nc6 4. Nf3 d5 5. cxd5 Nxd5 6. Nc3 Nb6 7. O-O Be7 8.
a3 O-O 9. b4 f6 10. Qb3+ Kh8 11. d3 Bg4 12. Be3 Nd4 13. Bxd4 exd4 14. Ne4 Rb8
15. Nc5 Bxf3 16. Bxf3 Bxc5 17. bxc5 Nd7 18. Rfc1 b6 19. cxb6 axb6 20. a4 Ne5
21. Bg2 Qe7 22. Qc2 Ng4 23. Bf3 Ne5 24. Qxc7 Nxf3+ 25. exf3 Qe2 26. Qf4 Qxd3
27. Rd1 Qc3 28. Rac1 Qa3 29. Rxd4 h6 30. Rc7 Rbc8 31. Kg2 Rxc7 32. Qxc7 Qc5 33.
Qd7 Qc8 34. Qb5 Qc5 35. Rd5 Qc2 36. Rd6 Ra8 37. Rxb6 Rxa4 38. Rc6 Rb4 39. Qd5
Rd4 40. Qe6 Qd3 41. Qe8+ Kh7 42. Rc7 Qb3 43. Qe7 Qg8 44. Qxf6 Rd2 45. Rf7 Kh8
46. Qf4 Rd8 47. h4 Qe8 48. Rb7 Qc6 49. Rb8 Rxb8 50. Qxb8+ Kh7 51. Qf4 Qa6 52.
g4 Qa1 53. Qe4+ Kg8 54. f4 Kf7 55. Qd5+ Kf8 56. g5 hxg5 57. fxg5 g6 58. Qe6 Qb1
59. f3 Qc2+ 60. Kg3 Qb1 61. Qe3 Kg8 62. Qf2 Kh7 63. Qe2 Qb8+ 64. f4 Qb1 65. Qf3
Kg8 66. Qd5+ Kh7 67. Qd7+ Kg8 68. Qe8+ Kh7 69. Qe3 Kg8 70. Kf2 Qc2+ 71. Ke1
Qb1+ 72. Kd2 Qb2+ 73. Kd3 Qb3+ 74. Kd4 Qb6+ 75. Kd3 Qb3+ 76. Ke4 Qe6+ 77. Kd3
Qb3+ 1/2-1/2

[Event "Reykjavik Open 2013"]
[Site "Reykjavik, Iceland"]
[Date "2013.02.23"]
[Round "6.42"]
[White "Miedema, David"]
[Black "Bjarnason, Saevar"]
[Result "1/2-1/2"]
[WhiteElo "2364"]
[BlackElo "2133"]
[PlyCount "106"]
[EventDate "2013.02.19"]

1. Nf3 Nf6 2. c4 c5 3. Nc3 Nc6 4. g3 g6 5. Bg2 Bg7 6. d4 cxd4 7. Nxd4 O-O 8.
O-O d6 9. Nxc6 bxc6 10. Bxc6 Bh3 11. Bxa8 Qxa8 12. f3 Bxf1 13. Kxf1 Ng4 14. Nd5
e6 15. Ne3 Bxb2 16. Rb1 Bxc1 17. Nxg4 Ba3 18. Qd4 e5 19. Qd2 f5 20. Ne3 f4 21.
Nd5 Bc5 22. gxf4 exf4 23. Qc3 Qd8 24. Rb7 Rf7 25. Rxf7 Kxf7 26. Qd2 g5 27. Qc2
Kg7 28. Qb2+ Kg6 29. Qb1+ Kg7 30. Qb7+ Kg6 31. h4 Qh8 32. Qb1+ Kh6 33. Kg2 Qg7
34. h5 Qd4 35. e3 Qd2+ 36. Kh3 Qf2 37. Kg4 Qg2+ 38. Kf5 Qxf3 39. exf4 Qxh5 40.
Kf6 gxf4 41. Ne7 Bd4+ 42. Ke6 Qe5+ 43. Kd7 Kg7 44. Qb8 Bc5 45. Qg8+ Kh6 46. Qg4
Qg5 47. Qh3+ Kg7 48. Qe6 Kf8 49. Nf5 Qg6 50. Qe7+ Kg8 51. Qe4 Kf8 52. Qe7+ Kg8
53. Qe4 Kf8 1/2-1/2

[Event "Reykjavik Open 2013"]
[Site "Reykjavik, Iceland"]
[Date "2013.02.23"]
[Round "6.43"]
[White "Thorsteinsdottir, Hallgerdur"]
[Black "Kashlinskaya, Alina"]
[Result "0-1"]
[WhiteElo "1960"]
[BlackElo "2350"]
[PlyCount "54"]
[EventDate "2013.02.19"]

1. e4 e5 2. Nf3 Nc6 3. Bb5 a6 4. Bxc6 dxc6 5. O-O Qd6 6. Na3 Be6 7. c3 O-O-O 8.
d4 exd4 9. cxd4 Ne7 10. Be3 f5 11. Ng5 Bg8 12. exf5 Nxf5 13. Nc2 Bd5 14. Qg4
Qg6 15. h4 h5 16. Qh3 Kb8 17. b3 Be7 18. Rac1 Bf6 19. Rfd1 Rhe8 20. Bf4 Be4 21.
Nxe4 Rxe4 22. Qh2 Nxh4 23. Bxc7+ Ka8 24. Kf1 Rde8 25. d5 cxd5 26. Rxd5 Nf5 27.
Qh3 Rh4 0-1

[Event "Reykjavik Open 2013"]
[Site "Reykjavik, Iceland"]
[Date "2013.02.23"]
[Round "6.44"]
[White "Bewersdorff, Oliver"]
[Black "Bjerke, Richard"]
[Result "0-1"]
[WhiteElo "2335"]
[BlackElo "2131"]
[PlyCount "66"]
[EventDate "2013.02.19"]

1. c4 e5 2. g3 d6 3. Bg2 f5 4. Nc3 Nf6 5. d3 c6 6. e4 Be7 7. Nge2 a5 8. O-O O-O
9. h3 Qe8 10. exf5 Bxf5 11. g4 Be6 12. Be3 Na6 13. f4 Bxg4 14. hxg4 Nxg4 15.
Qd2 Nb4 16. Rad1 Nc2 17. Qxc2 Nxe3 18. Qd2 Nxd1 19. Qxd1 exf4 20. Nxf4 Bg5 21.
Nh3 Be3+ 22. Kh1 Rxf1+ 23. Qxf1 Qe5 24. Qe2 Rf8 25. Qg4 Bd4 26. Ne2 Bxb2 27. d4
Qf5 28. Qh4 Qf6 29. Qe4 a4 30. Nhf4 Bxd4 31. Qe6+ Kh8 32. Qh3 Be5 33. Be4 Qh6
0-1

[Event "Reykjavik Open 2013"]
[Site "Reykjavik, Iceland"]
[Date "2013.02.23"]
[Round "6.45"]
[White "Helin, Mikael"]
[Black "Gislason, Gudmundur"]
[Result "0-1"]
[WhiteElo "1910"]
[BlackElo "2329"]
[PlyCount "58"]
[EventDate "2013.02.19"]

1. e4 g6 2. Nc3 Bg7 3. g3 c5 4. Bg2 Nc6 5. d3 e5 6. Rb1 d6 7. Nge2 Be6 8. h3
Qd7 9. a3 Nge7 10. Nd5 O-O 11. g4 f5 12. g5 f4 13. Ng1 Nd4 14. c3 f3 15. Bf1
Nxd5 16. cxd4 exd4 17. Nxf3 Nf4 18. Ng1 Qf7 19. f3 Bb3 20. Qd2 Be5 21. h4 d5
22. Qa5 b6 23. Qb5 Bc2 24. Ra1 a6 25. Qxb6 Nxd3+ 26. Bxd3 Bxd3 27. Qxc5 Bg3+
28. Kd1 dxe4 29. f4 Qb3+ 0-1